Name The Songs By The Singer - Statistics

General Stats
  • This quiz has been taken 102 times
  • The average score is 31 of 45
Answer Stats
Question Tile Select % Correct
Taylor Swift Beach Boys No
95%
Drake Happy No
93%
Taylor Swift I Want It That Way No
93%
Drake Shape Of You No
93%
Justin Bieber Ice Ice Baby No
92%
Taylor Swift Shake It Off Yes
92%
Justin Bieber Baby Yes
91%
Taylor Swift Homegirl No
90%
Drake 2002 No
89%
Taylor Swift Blank Space Yes
89%
Drake Signed Sober You No
89%
Justin Bieber Achy Breaky Heart No
88%
Justin Bieber Pole No
88%
Taylor Swift Sorry Not Sorry No
88%
Justin Bieber Sunday Best No
88%
Taylor Swift Bad Blood Yes
87%
Justin Bieber Just Over No
87%
Taylor Swift Love Story Yes
87%
Juice WRLD Pink No
85%
Taylor Swift You Belong With Me Yes
85%
Drake God's Plan Yes
84%
Juice WRLD Lucid Dreams Yes
82%
Justin Bieber Bored No
80%
Drake Hot Stuff No
79%
Justin Bieber Steal My Girl No
77%
Drake 2step No
76%
Juice WRLD Sad No
67%
Juice WRLD XO Your Llif3 No
65%
Luke Bryan Famous Friends No
64%
Drake In My Feelings Yes
60%
Justin Bieber Ghost Yes
53%
Luke Bryan More Than My Hometown No
53%
Luke Bryan Play It Again Yes
51%
Juice WRLD All Girls Are The Same Yes
48%
Luke Bryan Lovin' On You No
48%
Luke Bryan Take Back Home Girl No
48%
Luke Bryan Kick The Dust Up Yes
45%
Drake Laugh Now Cry Later Yes
40%
Juice WRLD Wishing Well Yes
36%
Juice WRLD Lean Wit Me Yes
31%
Luke Bryan Do I Yes
26%
Juice WRLD Tell Me U Luv Me Yes
21%
Juice WRLD Black And White Yes
18%
Luke Bryan I See You Yes
14%
Luke Bryan Suntan City Yes
13%
No matching quizzes found
Score Distribution
Percent of People with Each Score
Percentile by Number Answered
Your Score History
You have not taken this quiz